01212naa a22002174i 4500001001000000003001000010005001700020008004100037022001400078040004100092041000800133100003600141245006600177300005200243520049400295650001800789773015000807942000800957945001200965999001700977768714001CO-MdFUSB20260313104556.0190311s1995 sp ||||| |||| 00| 0 spa d a0210-1041 aCO-MdFUSBbspacCO-MdFUSBdCO-MdFUSB aspa aRenaud-Chamska, Isabelleeautor aLa liturgia como conjunto de citasc/ Isabelle Renaud-Chamska aNúmero 259 (1995), páginas 481-489c: 21 cm aHace ya varios años que los estudios literarios se han visto renovados gracias a los instrumentos de investigación forjados por la lingüística. Algunos de ellos han resultado muy útiles, otros han decepcionado. La utilización de la pragmática del lenguaje se ha mostrado especialmente fecunda en el estudio de los textos literarios; por ello, nos gustaría someter aquí los textos del Ritual Romano a la prueba de las pautas de análisis elaboradas por los pragmáticos. 79206aLiturgia0 049450960421oR0851tRevista internacional de teología Conciliumw(CO-MdFUSB)8x0210-1041gNúmero 259 (1995), páginas 481-489qPágina 481 cANA aJTF-925 c64883d64883